[Event "DEM U10/U10w 2004"]
[Site "Willingen GER"]
[Date "2004.05.31"]
[Round "4"]
[White "Schmitt, Katrin"]
[Black "Lebeda, Timo"]
[Result "1/2-1/2"]
[Termination "normal"]
[Board "23"]
[WhiteElo "995"]
[BlackElo "1205"]
[PlyCount "192"]
[WhiteFideId "24654400"]
[BlackFideId "4638565"]
[EventCountry "GER"]
[EventRounds "11"]
[EventType "swiss"]
[EventDate "2004.05.29"]

1. e4 e5 2. Nf3 Nc6 3. d4 exd4 4. Nxd4 Qf6 5. Be3 Bc5 6. c3 Nxd4 7. Bxd4 Bxd4
8. Qxd4 Qxd4 9. cxd4 d6 10. Bc4 Nf6 11. Nc3 O-O 12. O-O Bg4 13. f3 Bh5 14. Nb5
a6 15. Nxc7 Rac8 16. Ne6 Rxc4 17. Nxf8 Kxf8 18. d5 Rc2 19. b3 Nd7 20. Rfc1
Rxc1+ 21. Rxc1 b6 22. Rc6 Ke7 23. g4 Bg6 24. h4 h5 25. g5 f6 26. gxf6+ gxf6 27.
Kf2 Be8 28. Ke3 Bg6 29. Rc7 Kd8 30. Rc6 Ke7 31. Kd4 Be8 32. Ke3 a5 33. Kd4 Bg6
34. Ke3 Be8 35. Kd4 Ne5 36. Rxb6 Nxf3+ 37. Ke3 Nxh4 38. Rb7+ Bd7 39. Ra7 Ng2+
40. Kf3 Ne1+ 41. Kg3 Nd3 42. Kh4 Nf4 43. a3 Ke8 44. Ra8+ Ke7 45. Rxa5 Bg4 46.
Ra7+ Kf8 47. Ra6 Ke7 48. Ra7+ Kd8 49. b4 Ng6+ 50. Kg3 Ne5 51. b5 Kc8 52. b6 Kb8
53. a4 Bf3 54. a5 Bxe4 55. a6 Bxd5 56. Re7 Bf7 57. a7+ Ka8 58. Rc7 Be6 59. Rh7
Nf7 60. Rxh5 d5 61. Rh1 f5 62. Rb1 Bc8 63. Kf3 Nd6 64. Rd1 Nc4 65. Rxd5 Nxb6
66. Ra5 Nc4 67. Rc5 Nd6 68. Kf4 Kxa7 69. Ke5 Nf7+ 70. Kf6 f4 71. Rxc8 Nd6 72.
Rc7+ Kb6 73. Rc1 f3 74. Rf1 f2 75. Ke5 Nf7+ 76. Kd4 Nd8 77. Rxf2 Ne6+ 78. Kc4
Kc6 79. Rf6 Kd6 80. Rh6 Ke7 81. Rh7+ Kf6 82. Kd5 Nf8 83. Rh6+ Ng6 84. Rh1 Nf4+
85. Ke4 Ng6 86. Rf1+ Kg7 87. Rg1 Kf6 88. Rf1+ Kg7 89. Ra1 Kf6 90. Ra6+ Kg5 91.
Ra5+ Kf6 92. Kd5 Ne7+ 93. Kc5 Ke6 94. Ra6+ Kd7 95. Kd4 Nc6+ 96. Kd5 Nb4+
1/2-1/2

[Event "DEM U10/U10w 2004"]
[Site "Willingen GER"]
[Date "2004.05.31"]
[Round "4"]
[White "Hager, Joshua Aarash"]
[Black "Barden, Andrea"]
[Result "1-0"]
[Termination "normal"]
[Board "24"]
[WhiteElo "1193"]
[BlackElo "1115"]
[PlyCount "63"]
[WhiteFideId "24642789"]
[BlackFideId "24698822"]
[EventCountry "GER"]
[EventRounds "11"]
[EventType "swiss"]
[EventDate "2004.05.29"]

1. e4 g6 2. d4 Bg7 3. f4 d6 4. Be3 Nf6 5. Nd2 O-O 6. Ngf3 e6 7. Be2 Ng4 8. Bg1
Nc6 9. h3 Nf6 10. Be3 b6 11. c3 Bb7 12. Qc2 h6 13. O-O-O a5 14. g4 d5 15. e5
Nd7 16. h4 Rb8 17. h5 Qe7 18. hxg6 fxg6 19. Qxg6 Qf7 20. Rxh6 Qxg6 21. Rxg6 Kf7
22. f5 exf5 23. gxf5 Rbe8 24. e6+ Ke7 25. Rxg7+ Kd8 26. Rxd7+ Kc8 27. Bd3 Rd8
28. Rxd8+ Rxd8 29. Bg5 Rf8 30. e7 Nxe7 31. Bxe7 Rf7 32. f6 1-0

[Event "DEM U10/U10w 2004"]
[Site "Willingen GER"]
[Date "2004.05.31"]
[Round "4"]
[White "Lebek, Ricarda"]
[Black "Strohmann, Marc"]
[Result "1-0"]
[Termination "normal"]
[Board "25"]
[WhiteElo "914"]
[BlackElo "1248"]
[PlyCount "79"]
[WhiteFideId "4624688"]
[EventCountry "GER"]
[EventRounds "11"]
[EventType "swiss"]
[EventDate "2004.05.29"]

1. e4 c6 2. f4 d5 3. e5 Bf5 4. Nf3 e6 5. g3 c5 6. d3 Nc6 7. Bg2 Bg4 8. Nbd2 f6
9. exf6 Nxf6 10. O-O Bd6 11. h3 Bf5 12. Re1 Qd7 13. b3 O-O 14. Bb2 Qf7 15. Kh2
Rae8 16. Ng5 Qd7 17. Be5 h6 18. Ngf3 Qe7 19. Qe2 Nd7 20. Rac1 Ndxe5 21. fxe5
Bc7 22. g4 Bh7 23. Qe3 b6 24. c3 Rd8 25. d4 Rf7 26. Rf1 Rdf8 27. Ng1 Rxf1 28.
Rxf1 a5 29. Ngf3 Ra8 30. c4 a4 31. Rc1 Qf8 32. cxd5 exd5 33. dxc5 b5 34. g5 h5
35. Kg1 Qe8 36. e6 Nd8 37. e7 Nc6 38. Qe6+ Kh8 39. Qxd5 Qxe7 40. Qxc6 1-0

[Event "DEM U10/U10w 2004"]
[Site "Willingen GER"]
[Date "2004.05.31"]
[Round "4"]
[White "Göbel, Constantin"]
[Black "Bialas, Daniel"]
[Result "0-1"]
[Termination "normal"]
[Board "26"]
[WhiteElo "1237"]
[BlackElo "982"]
[PlyCount "80"]
[WhiteFideId "24647071"]
[EventCountry "GER"]
[EventRounds "11"]
[EventType "swiss"]
[EventDate "2004.05.29"]

1. d4 d5 2. c4 dxc4 3. e4 Nc6 4. Nf3 Bg4 5. Bxc4 e6 6. Bb5 e5 7. d5 a6 8. dxc6
Qxd1+ 9. Kxd1 Bxf3+ 10. gxf3 axb5 11. cxb7 Rb8 12. Nc3 Rxb7 13. Ke2 Bb4 14. Rd1
Bxc3 15. bxc3 h6 16. Bb2 Ne7 17. c4 Ng6 18. c5 O-O 19. Rab1 Rbb8 20. Ba3 Rfd8
21. Bc1 Nf4+ 22. Bxf4 exf4 23. h4 c6 24. a3 Ra8 25. Rb3 Rxd1 26. Kxd1 Rd8+ 27.
Ke2 Kf8 28. Rd3 Rxd3 29. Kxd3 Ke7 30. Kd4 Ke6 31. Kc3 Ke5 32. Kd3 f6 33. Kc3 h5
34. Kd2 Kd4 35. Ke1 g5 36. hxg5 fxg5 37. Kf1 g4 38. Kg2 Kxc5 39. fxg4 hxg4 40.
f3 g3 0-1

[Event "DEM U10/U10w 2004"]
[Site "Willingen GER"]
[Date "2004.05.31"]
[Round "4"]
[White "Rozenfeld, Elisabeth"]
[Black "Mirke, Roy"]
[Result "1-0"]
[Termination "normal"]
[Board "27"]
[WhiteElo "988"]
[BlackElo "1227"]
[PlyCount "41"]
[WhiteFideId "4624742"]
[BlackFideId "24647306"]
[EventCountry "GER"]
[EventRounds "11"]
[EventType "swiss"]
[EventDate "2004.05.29"]

1. e4 e5 2. Nf3 Nc6 3. Nc3 Nf6 4. Bb5 d6 5. d4 exd4 6. Nxd4 Bd7 7. Bg5 Be7 8.
Qd2 a6 9. Be2 Nxd4 10. Qxd4 Be6 11. O-O-O Qd7 12. f4 Bg4 13. h3 Bxe2 14. Nxe2
O-O-O 15. Rd3 h6 16. Bh4 Qe6 17. Rb3 Rd7 18. Qa7 c6 19. Qa8+ Kc7 20. Qxb7+ Kd8
21. Qb8# 1-0

[Event "DEM U10/U10w 2004"]
[Site "Willingen GER"]
[Date "2004.05.31"]
[Round "4"]
[White "Schäfer, Daniela"]
[Black "Rosenkranz, Christian"]
[Result "1/2-1/2"]
[Termination "normal"]
[Board "28"]
[WhiteElo "918"]
[BlackElo "1152"]
[PlyCount "40"]
[WhiteFideId "4624769"]
[BlackFideId "24674494"]
[EventCountry "GER"]
[EventRounds "11"]
[EventType "swiss"]
[EventDate "2004.05.29"]

1. e4 e5 2. Nf3 Nc6 3. d4 exd4 4. Nxd4 Bc5 5. Be3 Bb6 6. Nc3 Nf6 7. Bb5 O-O 8.
O-O h6 9. Qd2 Re8 10. f3 Ne5 11. Kh1 c6 12. Ba4 Ng6 13. Rfe1 Bc7 14. Bb3 b6 15.
Rad1 Bb7 16. Qf2 Qb8 17. h3 Bg3 18. Qd2 Bxe1 19. Rxe1 Qg3 20. Nf5 Qc7 1/2-1/2

[Event "DEM U10/U10w 2004"]
[Site "Willingen GER"]
[Date "2004.05.31"]
[Round "4"]
[White "Dietrich, Christoph"]
[Black "Schätz, Annika"]
[Result "0-1"]
[Termination "normal"]
[Board "30"]
[WhiteElo "815"]
[BlackElo "1139"]
[PlyCount "40"]
[BlackFideId "24674796"]
[EventCountry "GER"]
[EventRounds "11"]
[EventType "swiss"]
[EventDate "2004.05.29"]

1. e4 c5 2. Nf3 d6 3. d4 cxd4 4. Nxd4 Nf6 5. Nc3 g6 6. Bc4 Bg7 7. O-O O-O 8.
Be3 Nc6 9. Nxc6 bxc6 10. Qd2 Ng4 11. Bg5 Bd7 12. h3 Ne5 13. Be2 c5 14. Bh6 Rb8
15. Bxg7 Kxg7 16. b3 a6 17. Bxa6 Bxh3 18. gxh3 Nf3+ 19. Kg2 Nxd2 20. Rfd1 Qa5
0-1

[Event "DEM U10/U10w 2004"]
[Site "Willingen GER"]
[Date "2004.05.31"]
[Round "4"]
[White "Rührmund, Daniel"]
[Black "Weißenburg, Isabel"]
[Result "0-1"]
[Termination "normal"]
[Board "31"]
[WhiteElo "1122"]
[BlackElo "878"]
[PlyCount "146"]
[WhiteFideId "24674583"]
[BlackFideId "4612922"]
[EventCountry "GER"]
[EventRounds "11"]
[EventType "swiss"]
[EventDate "2004.05.29"]

1. e4 c5 2. Nf3 d6 3. d4 cxd4 4. Nxd4 Nf6 5. Nc3 a6 6. Be2 e5 7. Nf3 Be7 8. O-O
O-O 9. Be3 Be6 10. Nd2 Nc6 11. f4 d5 12. f5 Bc8 13. exd5 Nxd5 14. Nxd5 Qxd5 15.
Rf3 Nd4 16. Bxd4 Qxd4+ 17. Kh1 b5 18. Qe1 Bb7 19. Rg3 Bh4 20. Rd1 Bxg3 21. Qxg3
Qf4 22. Qh3 Qg5 23. Nf3 Bxf3 24. Bxf3 Rad8 25. Rf1 Rd2 26. Be4 Rf2 27. Re1 Qd2
28. Rb1 Rd8 29. Qh5 Qe2 30. Qxe2 Rxe2 31. Bd3 Rd2 32. Re1 h6 33. h3 f6 34. Kg1
Rd4 35. g3 Kf7 36. a3 Ke7 37. b3 Kd6 38. Re3 Kc6 39. Be4+ Kc5 40. Rc3+ Kd6 41.
Bd3 e4 42. Bf1 Rd1 43. Kf2 R4d2+ 44. Be2 Kd5 45. Rc8 Kd4 46. b4 e3+ 47. Kf3 Re1
48. Bd3 Rf2+ 49. Kg4 e2 50. Re8 Kc3 51. Re3 Kd2 52. Re4 Rg1 53. Bxe2 Rxe2 54.
Rf4 Kxc2 55. Kf3 Ree1 56. Kf2 Rgf1+ 57. Kg2 Rxf4 58. gxf4 Re3 59. Kf2 Rxh3 60.
Kg2 Rxa3 61. Kf2 Kc3 62. Ke3 Kxb4+ 63. Kd4 h5 64. Kd5 h4 65. Ke6 h3 66. Kd6 h2
67. Kd5 h1=Q+ 68. Ke6 Re3+ 69. Kf7 Qh5+ 70. Kxg7 Re7+ 71. Kxf6 Qh7 72. Kg5 Qg8+
73. Kf6 Qg7# 0-1

[Event "DEM U10/U10w 2004"]
[Site "Willingen GER"]
[Date "2004.05.31"]
[Round "4"]
[White "Düssler, Stefanie"]
[Black "Große, Christian"]
[Result "1-0"]
[Termination "normal"]
[Board "32"]
[WhiteElo "903"]
[BlackElo "1119"]
[PlyCount "37"]
[WhiteFideId "4634780"]
[BlackFideId "24646156"]
[EventCountry "GER"]
[EventRounds "11"]
[EventType "swiss"]
[EventDate "2004.05.29"]

1. e4 c5 2. Nf3 d6 3. d4 cxd4 4. Nxd4 Nf6 5. Nc3 g6 6. Be3 Bg7 7. f3 O-O 8. Qd2
Nc6 9. O-O-O Bd7 10. h4 Rc8 11. h5 Nxh5 12. g4 Nf6 13. Bh6 Ne5 14. Bxg7 Kxg7
15. Qh6+ Kg8 16. g5 Neg4 17. fxg4 Bxg4 18. gxf6 Bxd1 19. Qg7# 1-0

[Event "DEM U10/U10w 2004"]
[Site "Willingen GER"]
[Date "2004.05.31"]
[Round "4"]
[White "Falke, Johannes"]
[Black "Geise, Maria"]
[Result "1-0"]
[Termination "normal"]
[Board "41"]
[WhiteElo "761"]
[BlackElo "948"]
[PlyCount "71"]
[EventCountry "GER"]
[EventRounds "11"]
[EventType "swiss"]
[EventDate "2004.05.29"]

1. e4 c5 2. c3 g6 3. d4 cxd4 4. cxd4 Nf6 5. Nc3 Bg7 6. Nf3 d6 7. Bc4 O-O 8. O-O
Nc6 9. Bf4 Nxe4 10. Nxe4 d5 11. Bxd5 Qxd5 12. Nc3 Qd8 13. Ne2 Bf5 14. a3 Re8
15. b4 e5 16. dxe5 Qxd1 17. Rfxd1 Nxe5 18. Bxe5 Bxe5 19. Nxe5 Rxe5 20. Nc3 Rae8
21. h3 Bc8 22. Ra2 Rg5 23. g4 Be6 24. Rad2 Kf8 25. f4 Bb3 26. Rc1 Rxg4+ 27.
hxg4 Be6 28. Rcd1 Bxg4 29. Rc1 a6 30. Rd5 Rc8 31. b5 a5 32. Rd3 a4 33. Re1 Bf5
34. Rde3 Rc4 35. Nd5 Rxf4 36. Nxf4 1-0

[Event "DEM U10/U10w 2004"]
[Site "Willingen GER"]
[Date "2004.05.31"]
[Round "4"]
[White "Priese, Franziska"]
[Black "Blankenstein, Julius"]
[Result "0-1"]
[Termination "normal"]
[Board "43"]
[WhiteElo "711"]
[BlackElo "786"]
[PlyCount "62"]
[EventCountry "GER"]
[EventRounds "11"]
[EventType "swiss"]
[EventDate "2004.05.29"]

1. e4 c5 2. Nf3 e6 3. d4 cxd4 4. Nxd4 a6 5. Nc3 b5 6. Be2 Bb7 7. Be3 b4 8. Na4
Bxe4 9. O-O Qc7 10. a3 bxa3 11. bxa3 Bb7 12. Nf3 d5 13. Nb6 Ra7 14. Nxd5 Bxd5
15. Bxa7 Qxa7 16. c3 Nf6 17. Qa4+ Bc6 18. Qa5 Qd7 19. Qb6 Bd6 20. Rad1 Nd5 21.
Qb3 O-O 22. c4 Ba4 23. Qd3 Bxd1 24. Bxd1 Nf6 25. Bc2 Nc6 26. Ng5 g6 27. Re1 Rb8
28. Qh3 Nd8 29. Re3 Rb2 30. Rf3 Rxc2 31. Rxf6 Rc1# 0-1

[Event "DEM U10/U10w 2004"]
[Site "Willingen GER"]
[Date "2004.06.01"]
[Round "5"]
[White "Noe, Christopher"]
[Black "Boos, Philipp"]
[Result "1/2-1/2"]
[Termination "normal"]
[Board "1"]
[WhiteElo "1552"]
[BlackElo "1442"]
[PlyCount "73"]
[WhiteFideId "24692018"]
[EventCountry "GER"]
[EventRounds "11"]
[EventType "swiss"]
[EventDate "2004.05.29"]

1. d4 Nf6 2. c4 c5 3. d5 b5 4. cxb5 a6 5. Nc3 d6 6. e4 g6 7. Nf3 Bg7 8. Be2 O-O
9. O-O axb5 10. Bxb5 Ba6 11. Re1 Bxb5 12. Nxb5 Qb6 13. a4 Nbd7 14. Bf4 Ra6 15.
Bd2 Rfa8 16. Bc3 Ng4 17. Bxg7 Kxg7 18. Nd2 Nge5 19. f4 c4+ 20. Kh1 Nd3 21. Rf1
Nf2+ 22. Rxf2 Qxf2 23. Nc7 Qxf4 24. Nxa8 Rxa8 25. Qc2 Nc5 26. Nxc4 Rxa4 27. Re1
Qxe4 28. Qxe4 Nxe4 29. b3 Ra2 30. Kg1 f5 31. b4 Rc2 32. Na5 Rb2 33. Nc6 Kf8 34.
h3 Nc3 35. Rxe7 Rb1+ 36. Kh2 Rxb4 37. Rxh7 1/2-1/2

[Event "DEM U10/U10w 2004"]
[Site "Willingen GER"]
[Date "2004.06.01"]
[Round "5"]
[White "Ma, Beini"]
[Black "Bräuer, Franz"]
[Result "1/2-1/2"]
[Termination "normal"]
[Board "2"]
[WhiteElo "1312"]
[BlackElo "1357"]
[PlyCount "73"]
[WhiteFideId "24630101"]
[BlackFideId "24634468"]
[EventCountry "GER"]
[EventRounds "11"]
[EventType "swiss"]
[EventDate "2004.05.29"]

1. c4 e5 2. Nc3 Nf6 3. g3 Bb4 4. Bg2 O-O 5. Ne4 Nxe4 6. Bxe4 h6 7. a3 Bc5 8. e3
c6 9. b4 Bb6 10. c5 Bc7 11. Ne2 f5 12. Bg2 d5 13. Bb2 Be6 14. d4 e4 15. O-O g5
16. f3 Nd7 17. Nc3 Qe8 18. fxe4 fxe4 19. Qe2 a6 20. a4 Qg6 21. b5 axb5 22. axb5
Rxf1+ 23. Qxf1 Rxa1 24. Qxa1 Qe8 25. Qa7 Qb8 26. Qxb8+ Bxb8 27. b6 Kf7 28. Ne2
Nf6 29. Bc1 Kg6 30. Bd2 g4 31. Nf4+ Bxf4 32. gxf4 Ng8 33. Bf1 Ne7 34. Kf2 Nf5
35. Be2 h5 36. Bc1 Bc8 37. Bd2 1/2-1/2

[Event "DEM U10/U10w 2004"]
[Site "Willingen GER"]
[Date "2004.06.01"]
[Round "5"]
[White "Mertens, Fridolin"]
[Black "Wittke, Rene"]
[Result "0-1"]
[Termination "normal"]
[Board "3"]
[WhiteElo "1449"]
[BlackElo "1523"]
[PlyCount "96"]
[WhiteFideId "24671940"]
[BlackFideId "24640255"]
[EventCountry "GER"]
[EventRounds "11"]
[EventType "swiss"]
[EventDate "2004.05.29"]

1. e4 e5 2. Nf3 Nc6 3. d4 exd4 4. Nxd4 Bc5 5. Nb3 Bb6 6. a4 a6 7. Nc3 d6 8. Nd5
Nf6 9. Nxb6 cxb6 10. Bd3 Ne5 11. O-O O-O 12. Bf4 Be6 13. Nd4 Rc8 14. Nxe6 fxe6
15. Bxe5 dxe5 16. f3 Qd4+ 17. Kh1 Qxb2 18. Rb1 Qd4 19. a5 b5 20. Qd2 Rc7 21.
Rb4 Rxc2 22. Rxd4 Rxd2 23. Rd6 Nxe4 24. Rd7 Nf2+ 25. Rxf2 Rxf2 26. Kg1 Ra2 27.
Rxb7 Rc8 28. h4 Rd8 29. Be4 Rd1+ 30. Kh2 Rdd2 31. f4 exf4 32. Re7 Re2 33. Rxe6
f3 34. Bd5 Kf8 35. Bxa2 Rxe6 36. Bxe6 f2 37. Bc8 f1=Q 38. Bxa6 Qf4+ 39. g3 Qd2+
40. Kh3 Qxa5 41. Bc8 b4 42. Bg4 b3 43. Bd1 b2 44. Bc2 Qb5 45. Bxh7 b1=Q 46.
Bxb1 Qxb1 47. g4 Qd3+ 48. Kg2 Kf7 0-1

[Event "DEM U10/U10w 2004"]
[Site "Willingen GER"]
[Date "2004.06.01"]
[Round "5"]
[White "Wang, Zhangxian"]
[Black "Zier, Oliver"]
[Result "1/2-1/2"]
[Termination "normal"]
[Board "4"]
[WhiteElo "1598"]
[BlackElo "1296"]
[PlyCount "135"]
[BlackFideId "24631906"]
[EventCountry "GER"]
[EventRounds "11"]
[EventType "swiss"]
[EventDate "2004.05.29"]

1. e4 c5 2. Nf3 Nc6 3. d4 cxd4 4. Nxd4 e6 5. Nc3 Nf6 6. Ndb5 d6 7. Bf4 e5 8.
Bg5 a6 9. Na3 b5 10. Bxf6 Qxf6 11. Nd5 Qd8 12. Bxb5 axb5 13. Nxb5 Qa5+ 14. c3
Rb8 15. b4 Qxb5 16. Nc7+ Kd8 17. Nxb5 Rxb5 18. a4 Rb8 19. O-O Bb7 20. a5 Na7
21. f3 Nb5 22. a6 Ba8 23. c4 Nc7 24. b5 h5 25. Qd2 Kd7 26. Qa5 g5 27. b6 Ne6
28. b7 Bxb7 29. axb7 Rxb7 30. Rab1 Rxb1 31. Rxb1 Ke7 32. Rb7+ Kf6 33. Qd2 Nc5
34. Ra7 h4 35. g3 hxg3 36. hxg3 Ne6 37. Qd5 Rh7 38. Kg2 Kg6 39. Rb7 Kf6 40. Rb6
Rh8 41. Qd3 Rh4 42. c5 Rh8 43. cxd6 Rg8 44. Kg1 Rh8 45. d7 Bc5+ 46. Kg2 Bxb6
47. Qa6 Bc5 48. Qc8 Kg7 49. Qe8 Bd6 50. Kf1 Rh1+ 51. Kg2 Rh8 52. Kf1 Bc7 53.
Qc8 Bd8 54. Kg2 Rh6 55. Kg1 Rh8 56. Kg2 Bb6 57. Qc6 Bc7 58. Kg1 Rb8 59. Kg2 Bd8
60. Qc8 Rb2+ 61. Kh3 Rb3 62. Kg2 g4 63. fxg4 Rb2+ 64. Kg1 Bb6+ 65. Kf1 Rf2+ 66.
Ke1 Rg2 67. Qc3 Bd4 68. Qa5 1/2-1/2

[Event "DEM U10/U10w 2004"]
[Site "Willingen GER"]
[Date "2004.06.01"]
[Round "5"]
[White "Dötterl, Michael"]
[Black "Zimmermann, Gordon"]
[Result "1/2-1/2"]
[Termination "normal"]
[Board "5"]
[WhiteElo "1274"]
[BlackElo "1562"]
[PlyCount "73"]
[BlackFideId "24624330"]
[EventCountry "GER"]
[EventRounds "11"]
[EventType "swiss"]
[EventDate "2004.05.29"]

1. e4 e5 2. Nf3 Nc6 3. Nc3 Nf6 4. a3 d5 5. exd5 Nxd5 6. d3 Bg4 7. h3 Bh5 8. Be2
Nb6 9. Nxe5 Nxe5 10. Bxh5 Bc5 11. Ne4 Be7 12. Bf4 Qd4 13. Bxe5 Qxe5 14. c3 g6
15. Be2 O-O-O 16. O-O f5 17. Nd2 Rhe8 18. Re1 Bd6 19. Nf3 Qf4 20. Bf1 Rxe1 21.
Qxe1 g5 22. Qd2 h6 23. Qxf4 Bxf4 24. d4 a6 25. Bd3 Rf8 26. Ne5 Bxe5 27. dxe5 f4
28. f3 Nd7 29. Re1 Re8 30. e6 Nc5 31. Bf5 Re7 32. Re5 Na4 33. Bg4 c6 34. Rf5
Kd8 35. Rf6 Nxb2 36. Rxh6 Nc4 37. Rg6 1/2-1/2

[Event "DEM U10/U10w 2004"]
[Site "Willingen GER"]
[Date "2004.06.01"]
[Round "5"]
[White "Kotainy, Jens"]
[Black "Fittkau, Nico"]
[Result "1/2-1/2"]
[Termination "normal"]
[Board "6"]
[WhiteElo "1492"]
[BlackElo "1253"]
[PlyCount "64"]
[WhiteFideId "24670499"]
[EventCountry "GER"]
[EventRounds "11"]
[EventType "swiss"]
[EventDate "2004.05.29"]

1. e4 c5 2. Nc3 d6 3. f4 Nc6 4. Nf3 e6 5. Be2 Nf6 6. d3 Be7 7. O-O O-O 8. Bd2
a6 9. a4 Bd7 10. h3 Rc8 11. e5 dxe5 12. Nxe5 Nxe5 13. fxe5 Nd5 14. Bf3 Bc6 15.
Qe2 Qb6 16. Nxd5 exd5 17. Rfb1 Rfe8 18. Bg4 Rcd8 19. a5 Qc7 20. Rf1 Bd7 21. e6
fxe6 22. Bxe6+ Bxe6 23. Qxe6+ Kh8 24. Rae1 c4 25. d4 Qd6 26. Rf7 Qxe6 27. Rxe6
Bf6 28. Rxe8+ Rxe8 29. Bc3 Be7 30. Rf5 Rd8 31. Re5 Bf6 32. Re6 Kg8 1/2-1/2

[Event "DEM U10/U10w 2004"]
[Site "Willingen GER"]
[Date "2004.06.01"]
[Round "5"]
[White "Marquardt, Patrick"]
[Black "Kaphle, Sebastian"]
[Result "0-1"]
[Termination "normal"]
[Board "7"]
[WhiteElo "1269"]
[BlackElo "1454"]
[PlyCount "156"]
[WhiteFideId "4670086"]
[BlackFideId "24626708"]
[EventCountry "GER"]
[EventRounds "11"]
[EventType "swiss"]
[EventDate "2004.05.29"]

1. d4 Nf6 2. c4 g6 3. Nc3 Bg7 4. e4 d6 5. Nf3 Nc6 6. Bd3 e5 7. d5 Ne7 8. O-O
O-O 9. Bg5 Ne8 10. Qc2 h6 11. Bxe7 Qxe7 12. Nd2 Kh8 13. f4 exf4 14. Rxf4 Be5
15. Rff1 Bg4 16. Nf3 Kh7 17. Nxe5 Qxe5 18. Qf2 Ng7 19. Rab1 f5 20. Rfe1 fxe4
21. Rxe4 Rxf2 22. Rxe5 Raf8 23. Ree1 Bf5 24. Bxf5 R2xf5 25. Rf1 a6 26. Rxf5
Nxf5 27. Rf1 Kg7 28. h3 Ne3 29. Rxf8 Kxf8 30. b3 Kf7 31. Kf2 Nf5 32. Ke2 Kf6
33. g4 Ng7 34. Ke3 Ke5 35. Ne4 Ne8 36. Nd2 c5 37. Nf3+ Kf6 38. Kf4 g5+ 39. Ke4
Kg6 40. a3 b5 41. cxb5 axb5 42. a4 bxa4 43. bxa4 Nf6+ 44. Kd3 Nxd5 45. Kc4 Nc7
46. Nd2 Kf6 47. Nf3 Ke7 48. a5 Kd7 49. h4 gxh4 50. Nxh4 Kc6 51. Nf5 d5+ 52. Kc3
Kb5 53. Nxh6 Ne6 54. Nf7 d4+ 55. Kc2 Kxa5 56. g5 Kb4 57. g6 c4 58. Nd6 d3+ 59.
Kc1 c3 60. Nf5 Kb3 61. Ne3 c2 62. Nd5 d2+ 63. Kxd2 Kb2 64. g7 c1=Q+ 65. Kd3
Nxg7 66. Nb4 Qc3+ 67. Ke4 Qxb4+ 68. Ke5 Nh5 69. Kd5 Kc3 70. Ke5 Qf4+ 71. Kd5
Qd4+ 72. Ke6 Qc5 73. Kd7 Qb6 74. Ke7 Kd4 75. Kd7 Ke5 76. Ke7 Qc7+ 77. Kf8 Ke6
78. Kg8 Qg7# 0-1

[Event "DEM U10/U10w 2004"]
[Site "Willingen GER"]
[Date "2004.06.01"]
[Round "5"]
[White "Friedrich, Wiede"]
[Black "Ohnmacht, Simon"]
[Result "1/2-1/2"]
[Termination "normal"]
[Board "8"]
[WhiteElo "1436"]
[BlackElo "1208"]
[PlyCount "98"]
[WhiteFideId "24629537"]
[BlackFideId "24672980"]
[EventCountry "GER"]
[EventRounds "11"]
[EventType "swiss"]
[EventDate "2004.05.29"]

1. e4 e6 2. d3 d5 3. Nd2 Nc6 4. Ngf3 Bc5 5. g3 Nf6 6. Bg2 O-O 7. O-O dxe4 8.
dxe4 e5 9. Qe2 Bg4 10. Qb5 Bxf3 11. Bxf3 Bb6 12. Nb3 a6 13. Qc4 Nd4 14. Bg2 Qe7
15. Bd2 a5 16. Bc3 Nxc2 17. Rac1 Nb4 18. a3 Na2 19. Rc2 Nxc3 20. Rxc3 Rfd8 21.
Rd3 a4 22. Rxd8+ Qxd8 23. Nc5 Bxc5 24. Qxc5 Qd6 25. Rc1 Ne8 26. Qb5 b6 27. Rc6
Qd7 28. Bf1 Nd6 29. Qd5 Ra5 30. Rxd6 Qxd6 31. Qb7 Qd8 32. Bd3 h6 33. Bf1 c5 34.
Qc6 Ra7 35. Bc4 Qd1+ 36. Bf1 Qd8 37. Bc4 Qb8 38. h4 Qc7 39. Qd5 Rb7 40. Bb5 Rb8
41. Qc4 Rd8 42. Qxa4 Rd4 43. Qc2 Qb7 44. Bd3 Qc6 45. Qc3 c4 46. Bc2 Qc5 47. Kg2
Qa5 48. b4 cxb3 49. Qxb3 Qa4 1/2-1/2

[Event "DEM U10/U10w 2004"]
[Site "Willingen GER"]
[Date "2004.06.01"]
[Round "5"]
[White "Kazman, Caner"]
[Black "Dünzel, Jonas"]
[Result "1-0"]
[Termination "normal"]
[Board "9"]
[WhiteElo "1259"]
[BlackElo "1433"]
[PlyCount "87"]
[WhiteFideId "24684953"]
[BlackFideId "24631167"]
[EventCountry "GER"]
[EventRounds "11"]
[EventType "swiss"]
[EventDate "2004.05.29"]

1. e4 c5 2. Nf3 e6 3. d4 cxd4 4. Nxd4 a6 5. Bd3 Qc7 6. Nc3 Nc6 7. Be3 Bb4 8.
O-O Bxc3 9. bxc3 Nf6 10. Re1 d6 11. Rb1 Ne5 12. Qd2 Neg4 13. Bg5 h6 14. Bh4 g5
15. Bg3 Nh5 16. Be2 Ngf6 17. Bd3 Nxg3 18. hxg3 e5 19. Nf5 Bxf5 20. exf5 Nd5 21.
Be4 Nb6 22. Qe3 Nc4 23. Qe2 Na5 24. Qd2 O-O 25. Qe2 f6 26. Red1 Rfd8 27. Qh5
Qg7 28. g4 Rd7 29. Rd3 Nc6 30. Rh3 Kh7 31. Kh2 Rb8 32. Bxc6 Rc7 33. Be4 b5 34.
Rd3 Rd8 35. Rbd1 Qf8 36. Qg6+ Kh8 37. Rh3 Rh7 38. Rh1 d5 39. Bd3 Rdd7 40. Kg1
Rdg7 41. Rxh6 Rxg6 42. Rxh7+ Kg8 43. Rh8+ Kf7 44. Rxf8+ 1-0

[Event "DEM U10/U10w 2004"]
[Site "Willingen GER"]
[Date "2004.06.01"]
[Round "5"]
[White "Weißenburg, Isabel"]
[Black "Osmanodja, Bilgin"]
[Result "0-1"]
[Termination "normal"]
[Board "10"]
[WhiteElo "878"]
[BlackElo "1388"]
[PlyCount "70"]
[WhiteFideId "4612922"]
[EventCountry "GER"]
[EventRounds "11"]
[EventType "swiss"]
[EventDate "2004.05.29"]

1. e4 c5 2. Nf3 d6 3. d4 cxd4 4. Nxd4 Nf6 5. Nc3 g6 6. Be3 Bg7 7. f3 O-O 8. Qd2
Nc6 9. O-O-O Bd7 10. Kb1 a6 11. g4 b5 12. h4 Rc8 13. h5 Ne5 14. hxg6 fxg6 15.
Bh6 Rf7 16. Qh2 Nc4 17. Bxc4 Rxc4 18. Nb3 Bh8 19. Rdg1 b4 20. Ne2 Qc7 21. Nf4
a5 22. Nxg6 hxg6 23. Bg5 Rh7 24. Qd2 Rxh1 25. Rxh1 Bg7 26. Bxf6 exf6 27. Qd5+
Kf8 28. Qa8+ Bc8 29. Rh2 Qb6 30. Rg2 Qa6 31. Qb8 Rc6 32. f4 Qf1+ 33. Nc1 Qxg2
34. e5 Qxc2+ 35. Ka1 Qxc1# 0-1

[Event "DEM U10/U10w 2004"]
[Site "Willingen GER"]
[Date "2004.06.01"]
[Round "5"]
[White "Riabov, Igor"]
[Black "Lindner, Robert"]
[Result "1-0"]
[Termination "normal"]
[Board "11"]
[WhiteElo "1353"]
[BlackElo "1274"]
[PlyCount "151"]
[BlackFideId "24658847"]
[EventCountry "GER"]
[EventRounds "11"]
[EventType "swiss"]
[EventDate "2004.05.29"]

1. e4 e6 2. d4 d5 3. Nd2 dxe4 4. Nxe4 Nd7 5. Bd3 Ngf6 6. Bg5 Be7 7. Nf3 b6 8.
O-O O-O 9. c3 Rb8 10. Qc2 Nxe4 11. Bxe7 Qxe7 12. Bxe4 Nf6 13. Bd3 h6 14. Ne5
Bb7 15. f3 c5 16. Be4 Nxe4 17. fxe4 Rbc8 18. Qe2 Qd6 19. Rad1 Rc7 20. Qd3 Rfc8
21. Rf2 Qd8 22. Re2 Qg5 23. Qd2 Qh5 24. Qd3 Rd8 25. Red2 Rd6 26. Qf3 Qxf3 27.
gxf3 cxd4 28. cxd4 f6 29. Ng4 Kf7 30. Kf2 Rdc6 31. Ne3 Ba6 32. d5 exd5 33. exd5
Rd6 34. Nf5 Rdd7 35. d6 Rc6 36. Kg3 h5 37. Re1 g6 38. Re7+ Rxe7 39. Nxe7 Rxd6
40. Rxd6 Kxe7 41. Rc6 Bd3 42. Kf4 Kf7 43. Rc7+ Ke6 44. Rxa7 Kd5 45. Rd7+ Kc4
46. Rd6 g5+ 47. Ke3 Bb1 48. Rxb6 Bxa2 49. Rxf6 Kc5 50. Ke4 Bb1+ 51. Ke5 g4 52.
f4 h4 53. Rf7 g3 54. hxg3 Ba2 55. Rf6 hxg3 56. Rg6 Bb1 57. Rxg3 Kb4 58. f5 Bxf5
59. Kxf5 Kc4 60. b3+ Kb4 61. Ke5 Kc5 62. Rg4 Kb5 63. b4 Kc6 64. Ke6 Kb5 65. Kd5
Kb6 66. Kc4 Kc6 67. Rg6+ Kc7 68. b5 Kb7 69. Kc5 Kc7 70. Rg7+ Kc8 71. Kc6 Kb8
72. b6 Ka8 73. b7+ Kb8 74. Rg8+ Ka7 75. b8=Q+ Ka6 76. Qb6# 1-0